Szczegóły MARC21

Mały słownik odmiany nazw własnych /

003 -Nazwa inst., której nr kontr. jest w polu 001 [,]
    • @
    • Nazwa instytucji, której n kontrolny jest w polu 001
    • NUKAT
005 -DATA I CZAS OSTATNIEJ MODYFIKACJI [,]
    • @
    • pole kontrolne
    • 20250314141113.0
020 -Międzynarod. znormalizowany nr książki - ISBN [ , ]
    • a
    • Numer ISBN
    • 8385579079 Find
040 -Instytucja sporządzająca opis [ , ]
    • a
    • Instytucja, która sporządziła opis (NP)
    • KR U/ynk
    • c
    • Instytucja, która sporządziła rekord (NP)
    • KR U/ynk
    • d
    • Instytucja, która zmodyfikowała rekord (P)
    • KR U/MM
    • d
    • Instytucja, która zmodyfikowała rekord (P)
    • KR U/DPs
    • d
    • Instytucja, która zmodyfikowała rekord (P)
    • WA M/IW
    • d
    • Instytucja, która zmodyfikowała rekord (P)
    • WR O/AKs
    • d
    • Instytucja, która zmodyfikowała rekord (P)
    • KR 119/MI
942 -Rodzaj dokumentu [ , ]
    • c
    • Rodzaj dokumentu
    • Książka
100 -Hasło główne - nazwa osobowa [1, ]
    • a
    • Nazwa osobowa (NP)
    • Czopek-Kopciuch, Barbara.
    • 9
    • KHW
    • 454320
245 -Strefa tytułu i oznaczenia odpowiedzialności [1,0]
    • a
    • Tytuł
    • Mały słownik odmiany nazw własnych / Find
    • c
    • Pozostałe elementy strefy tytułu i oznaczenia odpowiedzialności (NP)
    • [oprac. zespół Barbara Czopek-Kopciuch, Katarzyna Skowronek, Elżbieta Supranowicz] ; pod red. Aleksandry Cieślikowej ; [Instytut Języka Polskiego Polskiej Akademii Nauk, Towarzystwo Miłośników Języka Polskiego].
260 -Strefa adresu wydawniczego [ , ]
    • a
    • Miejsce wydania (P)
    • Kraków :
    • b
    • Nazwa wydawcy (P)
    • Instytut Języka Polskiego PAN,
    • c
    • Data wydania (P)
    • 2002.
300 -Strefa opisu fizycznego [ , ]
    • a
    • Określenie formy książki i/lub objętość (NP)
    • 281 s. ;
    • c
    • Format (NP)
    • 16 cm.
336 -Typ zawartości [ , ]
    • a
    • Termin opisujący typ zawartości
    • Tekst
    • b
    • Kod określający zawartość
    • txt
    • 2
    • Źródło (terminu i kodu)
    • rdacontent
337 -Typ mediów [ , ]
    • a
    • Tryb odtwarzania
    • Bez urządzenia pośredniczącego
    • b
    • Kod typu mediów
    • n
    • 2
    • Źródło (terminu i kodu)
    • rdamedia
338 -Typ/rodzaj nośnika [ , ]
    • a
    • Hasło opisujące typ nośnika
    • Wolumin
    • b
    • Kod typu nośnika
    • nc
    • 2
    • Źródło (terminu i kodu)
    • rdacarrier
504 -Uwaga dot. bibliogr. załącznikowej [ , ]
    • a
    • Uwaga dot. bibliografii załącznikowej
    • Bibliogr. s. 21-[23]. Indeks.
080 -Uniwersalna Klasyfikacja Dziesiętna [ , ]
    • a
    • Symbol klasyfikacji
    • 808.4(038)
650 -Hasło przedmiotowe [ ,7]
    • a
    • Hasło przedmiotowe
    • Język polski
    • x
    • Określnik rzeczowy
    • nazwy
    • v
    • Określnik formalny
    • glosaria.
    • 2
    • Źródło terminu
    • kaba
    • 9
    • KHW
    • 442759
650 -Hasło przedmiotowe [ ,7]
    • a
    • Hasło przedmiotowe
    • Nazwy geograficzne
    • z
    • Określnik geograficzny
    • Polska.
    • 2
    • Źródło terminu
    • kaba
    • 9
    • KHW
    • 406179
650 -Hasło przedmiotowe [ ,7]
    • a
    • Hasło przedmiotowe
    • Język polski
    • x
    • Określnik rzeczowy
    • fleksja
    • v
    • Określnik formalny
    • słowniki.
    • 2
    • Źródło terminu
    • kaba
    • 9
    • KHW
    • 457702
650 -Hasło przedmiotowe [ ,7]
    • a
    • Hasło przedmiotowe
    • Nazwy osobowe
    • z
    • Określnik geograficzny
    • Polska
    • v
    • Określnik formalny
    • słowniki.
    • 2
    • Źródło terminu
    • kaba
    • 9
    • KHW
    • 422325
980 -Symbol UKD [ , ]
    • a
    • UKD
    • 808.4(038)
700 -Hasło dodatkowe - nazwa osobowa [1, ]
    • a
    • Nazwa osobowa (NP)
    • Cieślikowa, Aleksandra Find
    • d
    • Daty biograficzne (NP)
    • (1936-2018).
    • e
    • Określenie rodzaju współpracy
    • Red.
    • 9
    • KHW
    • 68875
700 -Hasło dodatkowe - nazwa osobowa [1, ]
    • a
    • Nazwa osobowa (NP)
    • Skowronek, Katarzyna. Find
    • e
    • Określenie rodzaju współpracy
    • Oprac.
    • 9
    • KHW
    • 94104
700 -Hasło dodatkowe - nazwa osobowa [1, ]
    • a
    • Nazwa osobowa (NP)
    • Supranowicz, Elżbieta. Find
    • e
    • Określenie rodzaju współpracy
    • Oprac.
    • 9
    • KHW
    • 552610
920 -ISBN [ , ]
    • a
    • ISBN
    • 83-85579-07-9 Find
Sygnatura Numer inwentarzowy Status udost. Lokalizacja Data inwentaryzacji
Z.100886Z.1008861BG2003-10-15
POL. Słowniki onomastyczne 02P.187941BM2003-10-15
 M.32196OPR2003-10-15